| 000 | 00640nam a2200217 a 4500 | ||
|---|---|---|---|
| 005 | 20240925065535.0 | ||
| 008 | 991125s1976 es 000 0 spa u | ||
| 020 | _a8472228681 | ||
| 035 | _aUPN01000004206 | ||
| 049 | _aCG | ||
| 050 | 4 |
_aHM51 _bC6.28 |
|
| 100 | 1 | _aCoulson, Margaret A. | |
| 245 | 1 | 0 |
_aAproximación a la sociología / _cMargaret A. Coulson, David S. Riddell ; tr. Rosa Quitllet. |
| 260 |
_aBarcelona, Esp. : _bLaia, _c1976. |
||
| 300 | _a117 p. | ||
| 440 | 0 |
_aPaperback. _pSociología ; _v19 |
|
| 650 | 4 |
_aCIUDADES Y PUEBLOS _98 |
|
| 650 | 4 |
_aSociología _95756 |
|
| 700 | 1 |
_aRiddell, David S., _ecoaut. |
|
| 905 | _aLibro | ||
| 999 |
_c4206 _d4206 |
||